"Writing for Publication" course: experience and future developments; Профессиональная подготовка студентов технического вуза на иностранном языке: теория и практика

Bibliografske podrobnosti
Parent link:Профессиональная подготовка студентов технического вуза на иностранном языке: теория и практика.— 2015.— [С. 154-156]
Glavni avtor: Горянова Л. Н. Любовь Николаевна
Korporativna značnica: Национальный исследовательский Томский политехнический университет (ТПУ) Институт развития стратегического партнерства и компетенций (ИСПК) Кафедра методики преподавания иностранных языков (МПИЯ)
Drugi avtorji: Синклер К.
Izvleček:Заглавие с титульного листа.
This paper presents an overview of the professional language training enhancement course "Writing for Publication" developed for Tomsk Polytechnic University (TPU) content teachers who are engaged in research and aimed at publishing results of their scientific work in international journals. In addition, future developments of the course are described.
Jezik:angleščina
Izdano: 2015
Serija:Технологии компетентностно-ориентированного образования взрослых как средство повышения квалификации специалистов
Teme:
Online dostop:http://earchive.tpu.ru/handle/11683/19473
http://www.lib.tpu.ru/fulltext/c/2015/C104/037.pdf
Format: MixedMaterials Elektronski Book Chapter
KOHA link:https://koha.lib.tpu.ru/cgi-bin/koha/opac-detail.pl?biblionumber=614635

MARC

LEADER 00000naa2a2200000 4500
001 614635
005 20231101132822.0
035 |a (RuTPU)RU\TPU\conf\12805 
035 |a RU\TPU\conf\12795 
090 |a 614635 
100 |a 20151006d2015 k y0rusy50 ba 
101 0 |a eng 
102 |a RU 
105 |a y z 100zy 
135 |a drgn ---uucaa 
181 0 |a i  
182 0 |a b 
200 1 |a "Writing for Publication" course: experience and future developments  |f Л. Н. Горянова, К. Синклер 
203 |a Текст  |c электронный 
225 1 |a Технологии компетентностно-ориентированного образования взрослых как средство повышения квалификации специалистов 
230 |a 1 компьютерный файл (pdf; 264 Кб) 
300 |a Заглавие с титульного листа. 
320 |a [Библиогр.: с. 156 (1 назв.)] 
330 |a This paper presents an overview of the professional language training enhancement course "Writing for Publication" developed for Tomsk Polytechnic University (TPU) content teachers who are engaged in research and aimed at publishing results of their scientific work in international journals. In addition, future developments of the course are described. 
337 |a Adobe Reader 
463 1 |0 (RuTPU)RU\TPU\conf\12678  |t Профессиональная подготовка студентов технического вуза на иностранном языке: теория и практика  |o сборник материалов Всероссийского научно-методологического семинара, 23–24 апреля 2015 г., Томск  |f Национальный исследовательский Томский политехнический университет (ТПУ), Институт развития стратегического партнерства и компетенций (ИСПК), под ред. Л. А. Сивицкой [и др.]  |v [С. 154-156]  |d 2015 
610 1 |a электронный ресурс 
610 1 |a труды учёных ТПУ 
610 1 |a научные исследования 
610 1 |a научные труды 
610 1 |a английский язык 
610 1 |a профессиональная подготовка 
700 1 |a Горянова  |b Л. Н.  |c лингвист  |c преподаватель Томского политехнического университета, кандидат филологических наук  |f 1986-  |g Любовь Николаевна  |2 stltpush  |3 (RuTPU)RU\TPU\pers\33126 
701 1 |a Синклер  |b К. 
712 0 2 |a Национальный исследовательский Томский политехнический университет (ТПУ)  |b Институт развития стратегического партнерства и компетенций (ИСПК)  |b Кафедра методики преподавания иностранных языков (МПИЯ)  |h 3541  |2 stltpush  |3 (RuTPU)RU\TPU\col\18976 
801 2 |a RU  |b 63413507  |c 20210220  |g RCR 
856 4 |u http://earchive.tpu.ru/handle/11683/19473 
856 4 |u http://www.lib.tpu.ru/fulltext/c/2015/C104/037.pdf 
942 |c BK